[Event "Let's Play Chess!"]
[Site "http://www.queenalice.com/game.php?id=1477126"]
[Date "2017.5.8"]
[Round "-"]
[White "queen1"]
[Black "LouisLeRouge"]
[Result "0-1"]
[WhiteElo "1938"]
[BlackElo "1986"]

1. e4 d5 2. e5 c5 3. Nf3 Nc6 4. Bb5 Bg4 5. Bxc6+ bxc6 6. h3 Bxf3 7. Qxf3 e6 8.
O-O Nh6 9. d3 Nf5 10. c3 Be7 11. g3 Bg5 12. Qg4 Bxc1 13. Rxc1 Qb8 14. b3 Qxe5
15. Qf3 O-O 16. Nd2 a5 17. a3 a4 18. b4 cxb4 19. axb4 Nd6 20. d4 Qg5 21. Rd1 Qf5
22. Ra2 Qxf3 23. Nxf3 a3 24. Ne5 f6 25. Nxc6 Rf7 26. Na5 Nb5 27. Re1 Rc7 28.
Rxe6 Rxc3 29. Re3 Rac8 30. Kg2 Rxe3 31. fxe3 Rc1 32. Kf3 Rb1 33. Nc6 Rb2 34. Ra1
a2 35. Ne7+ Kf8 36. Nxd5 Kf7 37. Ke4 Rd2 38. h4 Ke6 39. Nf4+ Kd6 40. Kf3 Nc3 41.
Nh5 Rd1 42. Rxa2 Nxa2 43. Nxg7 Nxb4 0-1

[Event "Let's Play Chess!"]
[Site "http://www.queenalice.com/game.php?id=1477127"]
[Date "2017.5.8"]
[Round "-"]
[White "LouisLeRouge"]
[Black "queen1"]
[Result "1-0"]
[WhiteElo "1971"]
[BlackElo "1949"]

1. e4 c6 2. d4 d5 3. f3 dxe4 4. fxe4 Qa5+ 5. c3 Nf6 6. e5 Ne4 7. Qf3 Qd5 8. Bd3
f5 9. exf6 Bf5 10. f7+ Kxf7 11. Bxe4 Qxe4+ 12. Qxe4 Bxe4 13. Nf3 Bxf3 14. gxf3
Nd7 15. Be3 b6 16. Nd2 e5 17. O-O-O Be7 18. Nc4 Ke6 19. dxe5 Nxe5 20. Nxe5 Kxe5
21. Rhe1 Kf6 22. Rd7 Kf7 23. Bg5 Rhe8 24. Bxe7 1-0

[Event "AUTO-MASTER-2591"]
[Site "http://www.queenalice.com/game.php?id=1477310"]
[Date "2017.5.8"]
[Round "1"]
[White "carver"]
[Black "queen1"]
[Result "1-0"]
[WhiteElo "2079"]
[BlackElo "1924"]

1. d4 Nf6 2. c4 e6 3. a3 Be7 4. Nc3 O-O 5. Bf4 d6 6. Nf3 c5 7. e3 Re8 8. Bg3 Bd7
9. Bd3 Nc6 10. O-O b6 11. Nb5 Bc8 12. Qc2 a6 13. Nc3 d5 14. cxd5 Nxd5 15. Be4
cxd4 16. exd4 Nxc3 17. Bxc6 Bd7 18. Bxa8 Qxa8 19. Qxc3 Rc8 20. Qe3 f6 21. b4 Rf8
22. Rac1 Qa7 23. Rc7 1-0

[Event "AUTO-MASTER-2591"]
[Site "http://www.queenalice.com/game.php?id=1477311"]
[Date "2017.5.8"]
[Round "1"]
[White "queen1"]
[Black "carver"]
[Result "1/2-1/2"]
[WhiteElo "1935"]
[BlackElo "2086"]

1. e4 e5 2. Nf3 Nc6 3. Bb5 d6 4. d4 a6 5. Ba4 b5 6. Bb3 h6 7. dxe5 dxe5 8. Qxd8+
Nxd8 9. Be3 Bd6 10. O-O Nf6 11. Nc3 Bb7 12. Nd2 c5 13. Bd5 Bxd5 14. Nxd5 Nxd5
15. exd5 f6 16. Ne4 Nf7 17. Nxd6+ Nxd6 18. Bxc5 Kd7 19. Bxd6 Kxd6 20. Rfd1 Rac8
21. Rac1 Rc5 22. b4 Rxd5 23. Rxd5+ Kxd5 24. a3 Rc8 25. Kf1 Rc4 26. Ke2 Rc3 27.
Rd1+ Ke6 28. f3 Rxc2+ 29. Rd2 Rc3 30. Ra2 g5 31. h3 f5 32. a4 bxa4 33. Rxa4 Rc6
34. g4 Rb6 35. Kd3 fxg4 36. hxg4 Rd6+ 37. Ke4 Rd4+ 38. Ke3 Rd6 39. Ke4 Rd4+ 40.
Ke3 Rd6 41. Ke4 Rb6 42. Kd3 Rd6+ 1/2-1/2

[Event "AUTO-MASTER-2591"]
[Site "http://www.queenalice.com/game.php?id=1477324"]
[Date "2017.5.8"]
[Round "1"]
[White "queen1"]
[Black "miltonlovisk"]
[Result "0-1"]
[WhiteElo "1914"]
[BlackElo "1995"]

1. e4 e5 2. Nf3 Nc6 3. Bb5 Qf6 4. Nc3 Nge7 5. O-O a6 6. Bxc6 dxc6 7. h3 Ng6 8.
d4 h6 9. dxe5 Nxe5 10. Nxe5 Qxe5 11. f4 Qc5+ 12. Kh1 Be6 13. e5 Rd8 14. Qe1 Bf5
15. Be3 Qe7 16. Rc1 Qb4 17. b3 Qa5 18. Bd2 Bb4 19. g4 Be6 20. Kh2 Rxd2+ 21. Qxd2
Bxc3 22. Qf2 O-O 0-1

[Event "AUTO-MASTER-2591"]
[Site "http://www.queenalice.com/game.php?id=1477325"]
[Date "2017.5.8"]
[Round "1"]
[White "miltonlovisk"]
[Black "queen1"]
[Result "1-0"]
[WhiteElo "1976"]
[BlackElo "1924"]

1. e4 c6 2. Nc3 d5 3. exd5 cxd5 4. d4 e6 5. a3 Bd7 6. Nf3 g6 7. Ne5 Nf6 8. Qf3
b6 9. Bg5 Bg7 10. Ng4 O-O 11. Nxf6+ Bxf6 12. Bxf6 Qc7 13. Qe3 1-0

[Event "AUTO-MASTER-2591"]
[Site "http://www.queenalice.com/game.php?id=1477326"]
[Date "2017.5.8"]
[Round "1"]
[White "queen1"]
[Black "MarcosGeraldo"]
[Result "0-1"]
[WhiteElo "1959"]
[BlackElo "2132"]

1. e4 e5 2. Nf3 Nc6 3. Bb5 a6 4. Ba4 Nf6 5. O-O Be7 6. d4 exd4 7. Bxc6 bxc6 8.
Nxd4 h5 9. Nf5 Bf8 10. Re1 Ng4 11. h3 Ne5 12. Nc3 g6 13. Nd4 Qh4 14. Nf3 Nxf3+
15. Qxf3 Bb7 16. Bf4 O-O-O 17. Qg3 Qxg3 18. Bxg3 Bg7 19. Na4 h4 20. Bh2 Rh5 21.
Rad1 Ra5 22. b3 c5 23. c4 Bc6 24. Rd3 Bxa4 25. bxa4 Rxa4 26. Re2 Rxc4 27. Ra3
Rc1+ 0-1

[Event "AUTO-MASTER-2591"]
[Site "http://www.queenalice.com/game.php?id=1477327"]
[Date "2017.5.8"]
[Round "1"]
[White "MarcosGeraldo"]
[Black "queen1"]
[Result "1-0"]
[WhiteElo "2147"]
[BlackElo "1950"]

1. d4 Nf6 2. c4 e6 3. Nf3 Be7 4. Nc3 O-O 5. Bg5 h6 6. Bh4 g5 7. Bg3 Bb4 8. Qc2
d5 9. e3 Ne4 10. Bd3 f5 11. Bxe4 fxe4 12. Ne5 Qe8 13. h4 Qh5 14. Rh2 g4 15. Qe2
Bxc3+ 16. bxc3 Nd7 17. Nxg4 Kg7 18. Bf4 Rxf4 19. exf4 Nf6 20. Nxf6 Qxe2+ 21.
Kxe2 Kxf6 22. cxd5 exd5 23. f3 Bf5 24. g4 exf3+ 25. Kxf3 Be4+ 26. Ke3 Re8 27. h5
c6 28. Rg1 b6 29. g5+ hxg5 30. fxg5+ Kg7 31. h6+ Kh8 32. Kd2 Bg6 33. Rf2 Kh7 34.
Rf6 Rc8 35. Re1 Be4 36. Rf7+ Kg8 37. g6 1-0

[Event "AUTO-ADV-3763"]
[Site "http://www.queenalice.com/game.php?id=1478364"]
[Date "2017.5.16"]
[Round "2"]
[White "DinoSouza"]
[Black "queen1"]
[Result "0-1"]
[WhiteElo "1929"]
[BlackElo "1941"]

1. e4 c6 2. Nc3 e5 3. Nf3 d6 4. d4 Bg4 5. Be2 Nf6 6. dxe5 Bxf3 7. Bxf3 dxe5 8.
Qxd8+ Kxd8 9. Bg5 Nd7 10. O-O-O Kc8 11. Rd2 Bb4 12. Rhd1 Bxc3 13. bxc3 Kc7 14.
Bg4 Nc5 15. Bxf6 gxf6 16. Rd6 Nxe4 17. Rd7+ Kb6 18. Re1 Nxf2 19. Bf3 e4 20. Bxe4
Rae8 21. Rd4 f5 22. Rb4+ Kc7 23. Re2 Nxe4 24. Re3 h5 25. c4 a5 26. Rbb3 Nd6 27.
Rg3 Re1+ 28. Kb2 Nxc4+ 29. Kc3 b5 30. a4 bxa4 31. Kxc4 axb3 32. Rxb3 Rd8 33. Rf3
Re4+ 34. Kc3 Rd5 35. h3 a4 36. Kb2 Kd6 37. Ka3 Rde5 0-1

[Event "AUTO-ADV-3763"]
[Site "http://www.queenalice.com/game.php?id=1478365"]
[Date "2017.5.16"]
[Round "2"]
[White "queen1"]
[Black "DinoSouza"]
[Result "1-0"]
[WhiteElo "1906"]
[BlackElo "1955"]

1. e4 Nf6 2. e5 Nd5 3. c4 Nb6 4. d4 e6 5. Nc3 c5 6. Nf3 Be7 7. Be3 Nc6 8. d5 Na5
9. b3 O-O 10. d6 Bf6 11. exf6 Qxf6 12. Ne4 Qf5 13. Bd3 e5 14. Neg5 Qf6 15. Bxh7+
Kh8 16. Bxc5 e4 17. Bxe4 Re8 18. Qd4 Qf4 19. O-O Rb8 20. Rae1 Nc6 21. Bxc6 1-0

[Event "AUTO-ADV-3763"]
[Site "http://www.queenalice.com/game.php?id=1478370"]
[Date "2017.5.16"]
[Round "2"]
[White "queen1"]
[Black "dadaspazzi"]
[Result "1-0"]
[WhiteElo "1948"]
[BlackElo "2072"]

1. e4 c5 2. Nf3 e6 3. Bc4 Nc6 4. O-O Nf6 5. Re1 d6 6. d4 cxd4 7. Nxd4 Be7 8.
Nxc6 bxc6 9. Nc3 O-O 10. Bg5 h6 11. Bh4 e5 12. Bxf6 Bxf6 13. Qf3 Rb8 14. b3 Be6
15. Bxe6 fxe6 16. Qe3 Bg5 17. Qe2 Qa5 18. Qd3 Rbe8 19. f3 d5 20. exd5 exd5 21.
a4 Qb6+ 22. Kh1 Rf5 23. Qxf5 1-0

[Event "AUTO-ADV-3763"]
[Site "http://www.queenalice.com/game.php?id=1478371"]
[Date "2017.5.16"]
[Round "2"]
[White "dadaspazzi"]
[Black "queen1"]
[Result "1-0"]
[WhiteElo "2065"]
[BlackElo "1946"]

1. d4 Nf6 2. c4 e6 3. Nc3 Bb4 4. Qc2 c5 5. Nf3 O-O 6. dxc5 Bxc5 7. Bg5 h6 8. Bh4
g5 9. Bg3 Nc6 10. e3 d5 11. Rd1 Qe7 12. cxd5 Bb4 13. d6 Bxd6 14. Bxd6 1-0

[Event "AUTO-ADV-3763"]
[Site "http://www.queenalice.com/game.php?id=1478372"]
[Date "2017.5.16"]
[Round "2"]
[White "queen1"]
[Black "RJOliveira"]
[Result "0-1"]
[WhiteElo "1880"]
[BlackElo "1718"]

1. e4 e5 2. Nf3 Nc6 3. Bb5 Bc5 4. O-O d6 5. Bxc6+ bxc6 6. Re1 Bg4 7. d3 Nf6 8.
Be3 Bb6 9. h3 Bh5 10. Nbd2 O-O 11. c3 d5 12. g4 Qd7 13. Nxe5 Qe6 14. Bxb6 cxb6
15. gxh5 Qxe5 16. Nf3 Qxh5 17. Kg2 Qg6+ 18. Kh2 Rfe8 19. Rg1 Qh6 20. Qe2 Qf4+
21. Rg3 Nh5 22. Qe3 Qxe3 23. fxe3 Nxg3 24. Kxg3 Rad8 25. e5 f6 26. d4 c5 27. Rc1
c4 28. Kf4 Rf8 29. Kg3 fxe5 30. Nxe5 Rfe8 31. Rf1 Rxe5 32. dxe5 g6 33. Rd1 Kf7
34. e4 Ke6 35. exd5+ Kxe5 36. Kf3 Rxd5 37. Re1+ Kf5 38. Re7 h5 39. Rf7+ Kg5 40.
Rxa7 Rd2 41. a4 Rxb2 42. Rc7 Rh2 43. Kg3 Rd2 44. h4+ Kh6 45. Rxc4 Rd6 46. Kf4
Rd5 47. Ke4 Rd6 48. Ke5 Rd8 49. Rb4 Re8+ 50. Kd5 Rd8+ 51. Kc6 Rc8+ 52. Kxb6 Rxc3
53. a5 g5 0-1

[Event "AUTO-ADV-3763"]
[Site "http://www.queenalice.com/game.php?id=1478373"]
[Date "2017.5.16"]
[Round "2"]
[White "RJOliveira"]
[Black "queen1"]
[Result "1-0"]
[WhiteElo "1694"]
[BlackElo "1904"]

1. e4 c6 2. c4 e5 3. Nc3 Bb4 4. Nge2 Nf6 5. a3 Bxc3 6. Nxc3 O-O 7. d3 d6 8. Bg5
h6 9. Bh4 g5 10. Bg3 h5 11. Be2 h4 12. Qd2 Nh7 13. Bxh4 gxh4 14. g3 h3 15. f4
Be6 16. f5 Bd7 17. Qh6 Qf6 18. Qxh3 Na6 19. g4 Nc5 20. Rg1 Ng5 21. Qf1 Nb3 22.
Ra2 Nd4 23. h4 Nxe2 24. Qxe2 Nh7 25. g5 Qg7 26. g6 Nf6 27. Qf2 Qh6 28. gxf7+
Kxf7 29. b3 Rg8 30. Rd2 Rxg1+ 31. Qxg1 Qxh4+ 32. Rf2 Ng4 33. Ke2 Nxf2 34. Qg6+
Kf8 35. f6 Qg4+ 36. Qxg4 Nxg4 37. Nd1 Nxf6 38. Kf2 Ke7 39. Ne3 Rf8 40. Ke2 Bg4+
41. Kd2 Rh8 42. Kc3 b5 43. a4 Rh3 44. cxb5 Rxe3 45. Kd2 Re2+ 46. Kc3 c5 47. b4
cxb4+ 48. Kxb4 d5 49. exd5 Nxd5+ 50. Ka5 Ra2 51. b6 axb6+ 52. Kb5 Nc3+ 53. Kxb6
Rxa4 54. Kc5 1-0

[Event "AUTO-MASTER-2597"]
[Site "http://www.queenalice.com/game.php?id=1479460"]
[Date "2017.5.23"]
[Round "1"]
[White "dadge"]
[Black "queen1"]
[Result "1-0"]
[WhiteElo "2037"]
[BlackElo "1942"]

1. e4 c6 2. d4 d5 3. Nc3 dxe4 4. Nxe4 Bf5 5. Ng3 Bg6 6. Nf3 Nd7 7. Bd3 Bxd3 8.
Qxd3 Qa5+ 9. Bd2 Qc7 10. O-O Ngf6 11. Rae1 e6 12. Ne4 Bd6 13. c4 Nxe4 14. Qxe4
O-O 15. c5 Be7 16. Bc3 g6 17. b4 a6 18. Ne5 Nxe5 19. dxe5 Rae8 20. a3 Qc8 21.
Rd1 f5 22. Qc4 Rd8 23. Rd2 Rxd2 24. Bxd2 Qd8 25. Qxe6+ Kh8 26. Bh6 Re8 27. Qf7
Rg8 28. g3 Bf8 29. Bxf8 Rxf8 30. Qxb7 Qc8 31. Qxc8 Rxc8 32. Rd1 Kg7 33. Rd7+ Kg8
34. f4 h5 35. Ra7 Kf8 36. Rxa6 Ke7 37. Kf2 Ke6 38. Ke3 Kd5 39. Ra7 Rg8 40. Kd3
g5 41. Rd7+ Ke6 42. Rd6+ Ke7 43. Rxc6 gxf4 44. gxf4 Rg2 45. Rf6 1-0

[Event "AUTO-MASTER-2597"]
[Site "http://www.queenalice.com/game.php?id=1479461"]
[Date "2017.5.23"]
[Round "1"]
[White "queen1"]
[Black "dadge"]
[Result "1-0"]
[WhiteElo "1921"]
[BlackElo "2058"]

1. e4 e6 2. d3 d5 3. e5 c5 4. Nf3 Nc6 5. c3 Nge7 6. Bg5 h6 7. Bh4 g5 8. Bg3 Ng6
9. d4 Qb6 10. Qd2 cxd4 11. cxd4 Bd7 12. Bd3 Nxd4 13. Bxg6 fxg6 14. Qxd4 Bc5 15.
Qd3 Kf7 16. O-O Bb5 17. Qb3 Bxf1 18. Qxb6 Bxb6 19. Kxf1 g4 20. Nfd2 g5 21. Na3
h5 22. f3 h4 23. Be1 gxf3 24. Nxf3 Kg6 25. Nb5 Rhf8 26. h3 Rac8 27. Nd6 Rc7 28.
Bc3 Bc5 29. Nb5 Rcf7 30. Ke2 a6 31. Nd6 Rd7 32. b4 Bxd6 33. exd6 Rxd6 34. Ne5+
Kh5 35. Rf1 Rxf1 36. Kxf1 d4 37. Bd2 Rd5 38. Ng4 Rf5+ 39. Ke2 e5 40. Kd3 b5 41.
Ke4 Rf1 42. Kxe5 Ra1 43. Kf5 Rxa2 44. Bxg5 1-0

[Event "AUTO-MASTER-2597"]
[Site "http://www.queenalice.com/game.php?id=1479478"]
[Date "2017.5.23"]
[Round "1"]
[White "queen1"]
[Black "KLEOJ"]
[Result "0-1"]
[WhiteElo "1969"]
[BlackElo "2122"]

1. e4 Nc6 2. Bb5 Nd4 3. Bc4 e6 4. c3 Nc6 5. d4 d5 6. exd5 exd5 7. Bb5 Nf6 8. Nf3
Be7 9. O-O O-O 10. Bxc6 bxc6 11. Re1 Bd6 12. Ne5 Bb7 13. Bg5 Bxe5 14. dxe5 h6
15. Bxh6 gxh6 16. exf6 Qxf6 17. Nd2 Kh8 18. Qf3 Qg5 19. Rad1 Rg8 20. g3 f5 21.
c4 Raf8 22. Qc3+ Kh7 23. Qe5 Rf7 24. Nf3 Qg4 25. b3 Qxf3 0-1

[Event "AUTO-MASTER-2597"]
[Site "http://www.queenalice.com/game.php?id=1479479"]
[Date "2017.5.23"]
[Round "1"]
[White "KLEOJ"]
[Black "queen1"]
[Result "1-0"]
[WhiteElo "2126"]
[BlackElo "1957"]

1. Nc3 Nc6 2. e4 e5 3. f4 Bc5 4. fxe5 Bxg1 5. Rxg1 Qh4+ 6. g3 Qxh2 7. Rg2 Qh6 8.
d4 Qg6 9. Be3 Nce7 10. Bd3 f6 11. exf6 Nxf6 12. e5 Nf5 13. Qf3 Qg4 14. Qxf5 Qxf5
15. Bxf5 Ng8 16. Nb5 Kd8 17. Bg5+ Ne7 18. Nxc7 Rb8 19. Nd5 1-0

[Event "AUTO-MASTER-2597"]
[Site "http://www.queenalice.com/game.php?id=1479480"]
[Date "2017.5.23"]
[Round "1"]
[White "queen1"]
[Black "Eduardomoreto67"]
[Result "1-0"]
[WhiteElo "1918"]
[BlackElo "2213"]

1. e4 c5 2. Nf3 d6 3. d4 cxd4 4. Nxd4 Nf6 5. Nc3 a6 6. Bd3 e6 7. O-O Qc7 8. Kh1
Bd7 9. Re1 Be7 10. Nf3 Nc6 11. Bd2 O-O 12. a3 Rac8 13. Qe2 b5 14. e5 dxe5 15.
Nxe5 Nxe5 16. Qxe5 Bd6 17. Qe3 Bxh2 18. g3 Bc6+ 19. Be4 Bxe4+ 20. Nxe4 Nxe4 21.
Qxe4 Bxg3 22. fxg3 Qxg3 23. Re3 Qf2 24. Rh3 Qf5 25. Qxf5 exf5 26. Bc3 g5 27. Bf6
g4 28. Rh5 Rfe8 29. Rxf5 Rxc2 30. Rg5+ Kf8 31. Bg7+ Kg8 32. Be5+ 1-0

[Event "AUTO-MASTER-2597"]
[Site "http://www.queenalice.com/game.php?id=1479481"]
[Date "2017.5.23"]
[Round "1"]
[White "Eduardomoreto67"]
[Black "queen1"]
[Result "1-0"]
[WhiteElo "2210"]
[BlackElo "1910"]

1. e4 e5 2. Nf3 Nc6 3. Bb5 a6 4. Ba4 b5 5. Bb3 a5 6. a4 b4 7. d4 Bd6 8. dxe5
Nxe5 9. Nxe5 Bxe5 10. Qd5 Bb7 11. Qxf7# 1-0

[Event "AUTO-ADV-3762"]
[Site "http://www.queenalice.com/game.php?id=1482337"]
[Date "2017.6.14"]
[Round "3"]
[White "queen1"]
[Black "Scharlatan"]
[Result "0-1"]
[WhiteElo "1914"]
[BlackElo "2075"]

1. e4 c5 2. Nf3 d6 3. d4 cxd4 4. Nxd4 Nf6 5. Nc3 g6 6. Bg5 Bg7 7. Bb5+ Bd7 8.
O-O O-O 9. Re1 a6 10. Bd3 Nc6 11. Nxc6 Bxc6 12. Rb1 h6 13. Bxf6 Bxf6 14. Nd5
Bxd5 15. exd5 Qd7 16. c4 Rac8 17. b3 Rfe8 18. Be2 Bg7 19. h3 e6 20. Bf3 e5 21.
Qc2 f5 22. Be2 e4 23. Bf1 Re5 24. Re3 Rce8 25. Rbe1 R8e7 26. b4 Qe8 27. a4 f4
28. Ra3 e3 29. fxe3 fxe3 30. Bd3 Rg5 31. Be2 Qf8 32. Rf1 Qc8 33. Bg4 Qe8 34. Qe2
h5 35. Bf3 Rge5 36. Re1 Bh6 37. Rd3 Bf4 0-1

[Event "AUTO-ADV-3762"]
[Site "http://www.queenalice.com/game.php?id=1482338"]
[Date "2017.6.14"]
[Round "3"]
[White "Scharlatan"]
[Black "queen1"]
[Result "1-0"]
[WhiteElo "2160"]
[BlackElo "1942"]

1. e4 c5 2. Nf3 Nc6 3. d4 cxd4 4. Nxd4 Nxd4 5. Qxd4 e6 6. Nc3 Nf6 7. Bg5 Be7 8.
O-O-O O-O 9. f4 h6 10. Bh4 Nxe4 11. Bxe7 Qxe7 12. Qxe4 f5 13. Qd4 b6 14. Bb5 Rd8
15. Qd6 Qf7 16. Qc7 Qe8 17. Rd6 a6 18. Bc6 Ra7 19. Qxa7 dxc6 20. Rhd1 Rxd6 21.
Rxd6 b5 22. Qc7 1-0

[Event "Challenge"]
[Site "http://www.queenalice.com/game.php?id=1485887"]
[Date "2017.7.13"]
[Round "-"]
[White "Rommel"]
[Black "queen1"]
[Result "1-0"]
[WhiteElo "1975"]
[BlackElo "1935"]

1. e4 c6 2. d4 d5 3. Nc3 dxe4 4. Nxe4 Qa5+ 5. Bd2 Qb6 6. Bc3 Bf5 7. Bd3 Bxe4 8.
Bxe4 e6 9. Nf3 Nd7 10. a3 O-O-O 11. Qd2 f5 12. Bd3 h6 13. O-O Kb8 14. Ba5 Qxb2
15. Bxd8 Qxa3 16. Rxa3 Bxa3 17. Qa5 Bd6 18. c4 Ka8 19. Ra1 1-0

[Event "Challenge"]
[Site "http://www.queenalice.com/game.php?id=1490381"]
[Date "2017.8.16"]
[Round "-"]
[White "AlekinePb"]
[Black "queen1"]
[Result "1-0"]
[WhiteElo "1936"]
[BlackElo "1930"]

1. d4 Nf6 2. c4 e6 3. Nf3 Be7 4. Nc3 O-O 5. Bg5 h6 6. Bf4 Bb4 7. Rc1 Ne4 8. e3
Nc6 9. Bd3 Nxc3 10. bxc3 Be7 11. h3 d5 12. O-O f6 13. cxd5 exd5 14. c4 g5 15.
cxd5 Qxd5 16. Bxc7 Bd6 17. Bxd6 Qxd6 18. Qb3+ Be6 19. Qxb7 Rfc8 20. Qh7+ Kf8 21.
Qxh6+ Ke7 22. Qg7+ Bf7 23. Bg6 Rf8 24. Bxf7 Rxf7 25. Qg6 Qe6 26. Qc2 Rc8 27.
Qc5+ Ke8 28. d5 1-0